000 00736nam a22002297a 4500
003 OSt
005 20260311040635.0
008 260311b |||||||| |||| 00| 0 eng d
040 _aDWCL GS lib
_cOC
082 _aFic. M767a 1998
100 _aMontogomery, L. M.
245 _aAnne of the Island
_cL. M. Montogomery
260 _aNew York
_bBantam Books
_c c1998.
300 _avii, 243 pages
_c17 cm.
520 _aFocuses on Anne Blythe as a mother of six, managing a busy household in19th-century Prince Edward Island.
546 _aEnglish
650 _aMotherhood and Family Life
650 _aChildhood Adventures and Misadventures
650 _aMarriage and Romance
650 _aHome and Community
942 _2ddc
_cFIC.
_n0
999 _c8921
_d8921